Sustainable development and international food trade policies / (Record no. 6161)
[ view plain ]
| 000 -LEADER | |
|---|---|
| fixed length control field | 01097cam a22002658i 4500 |
| 003 - CONTROL NUMBER IDENTIFIER | |
| control field | OSt |
| 005 - DATE AND TIME OF LATEST TRANSACTION | |
| control field | 20260306185440.0 |
| 008 - FIXED-LENGTH DATA ELEMENTS--GENERAL INFORMATION | |
| fixed length control field | 231221s2024 enk b 001 0 eng |
| 020 ## - INTERNATIONAL STANDARD BOOK NUMBER | |
| International Standard Book Number | 9781032708515 |
| Qualifying information | (hardback) |
| 020 ## - INTERNATIONAL STANDARD BOOK NUMBER | |
| International Standard Book Number | 9781032708546 |
| Qualifying information | (paperback) |
| 020 ## - INTERNATIONAL STANDARD BOOK NUMBER | |
| Canceled/invalid ISBN | 9781032708577 |
| Qualifying information | (ebook) |
| 035 ## - SYSTEM CONTROL NUMBER | |
| System control number | 23469885 |
| 040 ## - CATALOGING SOURCE | |
| Original cataloging agency | KABLIB |
| Language of cataloging | eng |
| Description conventions | rda |
| Transcribing agency | KABLIB |
| 082 00 - DEWEY DECIMAL CLASSIFICATION NUMBER | |
| Classification number | 338.92 |
| Edition number | 23 |
| Item number | ATI |
| 100 1# - MAIN ENTRY--PERSONAL NAME | |
| Personal name | Atici, Cemal, |
| Relator term | author. |
| 9 (RLIN) | 15644 |
| 245 10 - TITLE STATEMENT | |
| Title | Sustainable development and international food trade policies / |
| Statement of responsibility, etc. | Cemal Atici. |
| 260 ## - PUBLICATION, DISTRIBUTION, ETC. | |
| Place of publication, distribution, etc. | Abingdon, Oxon ; |
| -- | New York, NY : |
| Name of publisher, distributor, etc. | Routledge, |
| Date of publication, distribution, etc. | c2024. |
| 300 ## - PHYSICAL DESCRIPTION | |
| Extent | x, 101 p. : |
| Other physical details | ill. ; |
| Dimensions | 19 cm. |
| 490 0# - SERIES STATEMENT | |
| Series statement | Routledge studies in agricultural economics |
| 504 ## - BIBLIOGRAPHY, ETC. NOTE | |
| Bibliography, etc. note | Includes bibliographical references, index. |
| 650 #0 - SUBJECT ADDED ENTRY--TOPICAL TERM | |
| Topical term or geographic name entry element | Sustainable development |
| Geographic subdivision | Developing countries. |
| 9 (RLIN) | 15201 |
| 650 #0 - SUBJECT ADDED ENTRY--TOPICAL TERM | |
| Topical term or geographic name entry element | Nutrition policy |
| Geographic subdivision | Developing countries. |
| 9 (RLIN) | 15645 |
| 776 08 - ADDITIONAL PHYSICAL FORM ENTRY | |
| Relationship information | Online version: |
| Main entry heading | Atici, Cemal. |
| Title | Sustainable development and international food trade policies |
| Place, publisher, and date of publication | Abingdon, Oxon ; New York, NY : Routledge, 2024 |
| International Standard Book Number | 9781032708577 |
| Record control number | (DLC) 2023055590 |
| 942 ## - ADDED ENTRY ELEMENTS (KOHA) | |
| Source of classification or shelving scheme | Dewey Decimal Classification |
| Koha item type | Book |
| Withdrawn status | Lost status | Source of classification or shelving scheme | Damaged status | Not for loan | Home library | Current library | Date acquired | Total Checkouts | Full call number | Barcode | Date last seen | Price effective from | Koha item type |
|---|---|---|---|---|---|---|---|---|---|---|---|---|---|
| Dewey Decimal Classification | Mukombe Library | Mukombe Library | 06.03.2026 | 338.92 ATI | 14716 | 06.03.2026 | 06.03.2026 | Book | |||||
| Dewey Decimal Classification | Mukombe Library | Mukombe Library | 06.03.2026 | 338.92 ATI | 14717 | 06.03.2026 | 06.03.2026 | Book |